000 00602nam a2200217Ia 4500
003 IT-RoPAU
008 120407s9999 xx 000 0 und d
040 _aIT-RoPAU
040 _cIT-RoPAU
041 _aita
100 _aSalvatore Di Giacomo
245 _aL’ignoto . Cocotte. Donna Clorinda . Quella delle ciliege. In “Narratori dell’Ottocento e del primo Novecento” Vol. IV
250 _aMilano - Napoli
260 _aR. Ricciardi
260 _c1966
300 _c22,5 cm
490 _a La letteratura Italiana .Storia e Testi
490 _v644
942 _cBK
999 _c14103
_d14103